00824cam a22002413a 45000010005000000030006000050050017000110080041000280400015000690420007000840500007000911000039000982450094001372600029002315060030002605160020002906530068003106530046003786530041004246530048004658300028005138560041005414289PGUSA20140828083051.0030701s2003||||xxu|||||s|||||000 | eng d aPGUSAbeng adc 4aDC1 aImbert de-AmandcSaint,d1834-190014aThe Duchess of Berry and the Court of Charles Xh[electronic resource] /cImbert de-Amand bProject Gutenberg,c2003 aPublic domain in the USA. aElectronic text aBerry, Marie-Caroline de Bourbon-Sicile, duchesse de, 1798-1870 aFrance -- History -- Charles X, 1824-1830 aCharles X, King of France, 1757-1836 aFrance -- History -- Restoration, 1814-1830 0aProject Gutenbergv428940uhttp://www.gutenberg.org/ebooks/4289